000 00198 a2200097 4500
020 _a9780385343022
041 _aeng
100 _aIggulden, Gonn
245 _aEmperor the death of kings
942 _cBK
999 _c29923
_d29921